Botany guide (Record no. 350929)
[ view plain ]
| 000 -LEADER | |
|---|---|
| fixed length control field | 003970000a22001570004500 |
| 060 ## - NATIONAL LIBRARY OF MEDICINE CALL NUMBER | |
| Classification number | 100 |
| 082 ## - DEWEY DECIMAL CLASSIFICATION NUMBER | |
| Classification number | 581.020 2 GAR |
| 100 ## - MAIN ENTRY--PERSONAL NAME | |
| Personal name | Garg O P, Sabarwal R K |
| 100 ## - MAIN ENTRY--PERSONAL NAME | |
| Personal name | Sivastava S K |
| 245 ## - TITLE STATEMENT | |
| Title | Botany guide |
| 250 ## - EDITION STATEMENT | |
| Edition statement | 7 |
| 260 ## - PUBLICATION, DISTRIBUTION, ETC. (IMPRINT) | |
| Place of publication, distribution, etc. | Meerut, Rajhans agencies, dharma-alok Ramnagar |
| 260 ## - PUBLICATION, DISTRIBUTION, ETC. (IMPRINT) | |
| Date of publication, distribution, etc. | 1990 |
| 650 ## - SUBJECT ADDED ENTRY--TOPICAL TERM | |
| Topical term or geographic name as entry element | Botany/plant kingdom/seed/root/stem/leaf/flower/fruit |
| 942 ## - ADDED ENTRY ELEMENTS (KOHA) | |
| Koha item type | Books (General) |
| Withdrawn status | Lost status | Damaged status | Not for loan | Home library | Current library | Date acquired | Cost, normal purchase price | Total Checkouts | Full call number | Barcode | Date last seen | Price effective from | Koha item type |
|---|---|---|---|---|---|---|---|---|---|---|---|---|---|
| College of Agriculture, Vellayani | College of Agriculture, Vellayani | 02/05/2014 | 80.00 | 581.020 2 GAR | KAU_COAV-21628 | 04/12/2017 | 02/05/2014 | Books (General) |
